Liste des joueurs français ayant joué au Real Madrid - Statistiques

Statistiques générales
  • Ce quiz a été pris 109 fois
  • Le résultat moyen est 13 sur 22
Statistiques - réponses
Hint Réponse % Correct
2022 - aujourd'hui Aurélien Tchouaméni
99%
2021- aujourd'hui Eduardo Camavinga
97%
2016 - 2016 Enzo Zidane
97%
2024 - aujourd'hui Kylian Mbappé
97%
2017-2019 Luca Zidane
97%
2001 - 2006 Zinédine Zidane
97%
2019 - aujourd'hui Ferland Mendy
95%
2009 - 2023 Karim Benzema
93%
2011 - 2021 Raphaël Varane
86%
1956 - 1959 Raymond Kopa
71%
2000 - 2003 Claude Makélélé
59%
2017 - 2019 Théo Hernández
49%
2009 - 2012 Lassana Diarra
48%
1999 - 2000 Nicolas Anelka
48%
1998 - 2000 Christian Karembeu
47%
2019 - 2020 Alphonse Areola
46%
1916 - 1917 René Petit
19%
1962 - 1965 Lucien Muller
8%
1950 - 1953 Louis Hon
1%
1902 - 1915 Enrique Normand
0%
1950 - 1951 Jean Luciano
0%
1928 - 1929 Manuel Anatol
0%
Aucun quiz correspondant
Distribution des résultats
% des personnes avec chaque résultat
Percentile par nombre de réponses
Votre historique - résultats
Vous n’avez pas pris ce quiz